Statistics for Most Expensive American Football Transfers

Click here to take the quiz!

General Stats

  • This quiz has been taken 13 times
    (8 since last reset)
  • The average score is 10 of 20

Answer Stats

FromToYearFee (million €)Answer% Correct
ChelseaAC Milan202320Christian Pulisic
100%
DortmundChelsea201864Christian Pulisic
100%
AjaxBarcelona202021Sergino Dest
71%
PSGLille201910Tim Weah
71%
LilleJuventus202311.3Tim Weah
71%
SchalkeJuventus202120.5Weston Mckennie
71%
Bayern MunichCrystal Palace202212Chris Richards
57%
ValenciaAC Milan202320Yunus Musah
57%
RB SalzburgLeeds United202232.84Brendan Aaronson
43%
Philadelphia UnionRB Salzburg202012.7Brendan Aaronson
43%
Hertha BerlinWolfsburg201717John Brooks
43%
RB LeipzigLeeds United202217Tyler Adams
43%
Leeds UnitedBournemouth202326.9Tyler Adams
43%
Chicago FireChelsea20229.09Gabriel Slonina
29%
Werder BremenNorwich City20219.5Josh Sargent
29%
AZ AlkmaarSunderland201310Jozy Altidore
29%
RomaToronto20149.09Michael Bradley
29%
FC DallasAugsburg202216.36Ricardo Pepi
29%
AntalyasporCoventry City20239Haji Wright
0%
Stade ReimsStade Rennes20189Jordan Siebatcheu
0%

Score Distribution

Percentile by Number Answered

Percent of People with Each Score

Your Score History

You have not taken this quiz since the last reset